[Event "DV FR-chT"]
[Site "Vladivostok"]
[Date "2007.10.05"]
[Round "7"]
[White "Donskoy, Mikhail"]
[Black "Batsanin, Dmitry"]
[Result "0-1"]
[WhiteElo "2338"]
[BlackElo "2468"]
[PlyCount "96"]
[EventDate "2007.09.29"]
[EventType "team-tourn"]
[EventRounds "7"]
[EventCountry "RUS"]
[SourceTitle "EXT 2022"]
[Source "ChessBase"]
[SourceDate "2021.10.06"]
[SourceVersion "1"]
[SourceVersionDate "2021.10.06"]
[SourceQuality "1"]

1. e4 c5 2. Nf3 Nc6 3. d4 cxd4 4. Nxd4 Nf6 5. Nc3 e5 6. Ndb5 d6 7. Bg5 a6 8. Na3 b5 9. Nd5 Be7 10. Bxf6 Bxf6 11. Bd3 Be6 12. 0-0 0-0 13. c3 Bxd5 14. exd5 Ne7 15. c4 b4 16. Nc2 a5 17. Rb1 g6 18. f4 exf4 19. Rxf4 Be5 20. Rf3 Qb6+ 21. Kh1 f5 22. b3 Rf7 23. Qd2 Raf8 24. Rbf1 Kg7 25. g3 Ng8 26. Qe3 Qxe3 27. Nxe3 Nf6 28. Kg2 Nd7 29. Nd1 Bd4 30. Rf4 Bc5 31. Re1 Ne5 32. Bc2 g5 33. Rff1 f4 34. gxf4 gxf4 35. Nf2 Bxf2 36. Kxf2 Ng4+ 37. Kg1 f3 38. Kh1 f2 39. Re4 Rf4 40. Re2 Rf3 41. c5 Ne3 42. Rxe3 Rxe3 43. c6 Re5 44. c7 Re1 45. Kg2 Rxf1 46. Kxf1 Rc8 47. Kxf2 Rxc7 48. Bd3 Rc1 0-1

[Event "DV FR-chT"]
[Site "Vladivostok"]
[Date "2007.09.30"]
[Round "2"]
[White "Gritsenko, Andrey"]
[Black "Donskoy, Mikhail"]
[Result "1-0"]
[WhiteElo "2314"]
[BlackElo "2338"]
[PlyCount "51"]
[EventDate "2007.09.29"]
[EventType "team-tourn"]
[EventRounds "7"]
[EventCountry "RUS"]
[SourceTitle "EXT 2022"]
[Source "ChessBase"]
[SourceDate "2021.10.06"]
[SourceVersion "1"]
[SourceVersionDate "2021.10.06"]
[SourceQuality "1"]

1. e4 e6 2. d4 d5 3. Nc3 Nf6 4. e5 Nfd7 5. f4 c5 6. Nf3 Nc6 7. Be3 Qb6 8. Qd2 cxd4 9. Nxd4 Qd8 10. 0-0-0 Nc5 11. Qf2 Qa5 12. Bb5 Bd7 13. Nxe6 fxe6 14. Bxc5 Bxc5 15. Qxc5 a6 16. Nxd5 exd5 17. Qxd5 Qxb5 18. Qxd7+ Kf8 19. Qd6+ Ne7 20. f5 Qc6 21. Qd3 Rc8 22. Rhf1 Nd5 23. Rd2 Nb6 24. f6 g6 25. Qa3+ Kg8 26. Qe7 1-0